Countries with leopards - Statistics

General Stats
  • This quiz has been taken 99 times
  • The average score is 44 of 62
Answer Stats
Answer % Correct
India
94%
China
87%
Kenya
87%
South Africa
86%
Democratic Republic of Congo
83%
Congo
82%
Pakistan
82%
Tanzania
82%
Mozambique
80%
Botswana
79%
Namibia
79%
Russia
79%
Angola
77%
Zambia
77%
Iran
76%
Niger
76%
Nigeria
76%
Somalia
76%
Swaziland
76%
Bangladesh
75%
Chad
75%
Ethiopia
75%
Iraq
75%
Sudan
75%
Zimbabwe
75%
egypt
73%
Gabon
73%
Nepal
73%
Rwanda
73%
South Sudan
72%
Thailand
72%
Burundi
70%
Indonesia
70%
Mali
70%
Central African Republic
69%
Ghana
69%
Malaysia
69%
Myanmar
69%
Uganda
69%
Bhutan
68%
Cameroon
68%
Afghanistan
66%
Saudi Arabia
66%
Senegal
66%
Guinea
65%
Cambodia
63%
Ivory Coast
63%
Malawi
63%
Yemen
63%
Benin
62%
Oman
62%
Burkina Faso
61%
Guinea-Bissau
61%
Equatorial Guinea
59%
Liberia
59%
Armenia
58%
Djibouti
58%
Turkey
58%
Azerbaijan
56%
Sri Lanka
56%
Turkmenistan
51%
Sierra Leone
45%
No matching quizzes found
Score Distribution
Percent of People with Each Score
Percentile by Number Answered
Your Score History
You have not taken this quiz